À quinze ans près - XIXe siècle - Statistiques

Statistiques générales
  • Ce quiz a été pris 1 214 fois
  • Le résultat moyen est 8 sur 22
Statistiques - réponses
Indice Année % Correct
Napoléon Ier est défait à Waterloo 1815
94%
La Tour Eiffel est inaugurée 1889
70%
Louis Pasteur créé un vaccin contre la rage 1885
59%
Tournage du premier film des Frères Lumière 1895
56%
La reine Victoria débute son règne 1837
54%
Victor Hugo publie Les Misérables 1862
52%
Premiers Jeux Olympiques de l'ère moderne 1896
47%
Otto von Bismarck devient le premier chancelier allemand 1871
46%
Fin de la Guerre de Sécession 1865
42%
Formation de la Triple-Alliance 1882
34%
La France vend la Louisiane aux États-Unis 1803
32%
Léopold Ier devient le premier roi des Belges 1831
31%
Alexander G. Bell invente le téléphone 1876
31%
Haïti proclame son indépendance 1804
30%
Sadi Carnot est assassiné à Lyon 1894
28%
Mort de Vincent Van Gogh 1890
22%
Simón Bolívar devient président de la Grande-Colombie 1819
20%
Première photographie par N. Niépce 1827
15%
Création du Basket-Ball 1891
12%
La 9ème et dernière symphonie de Beethoven est jouée pour la première fois 1824
11%
Tokyo devient la nouvelle capitale du Japon 1868
11%
Premiers pas sur l'Antarctique 1821
7%
Aucun quiz correspondant
Distribution des résultats
% des personnes avec chaque résultat
Percentile par nombre de réponses
Votre historique - résultats
Vous n’avez pas pris ce quiz